Vastu ratnavali (Record no. 394276)

MARC details
000 -LEADER
fixed length control field 00711nam a2200253Ia 4500
003 - CONTROL NUMBER IDENTIFIER
control field OSt
005 - DATE AND TIME OF LATEST TRANSACTION
control field 20220924114556.0
008 - FIXED-LENGTH DATA ELEMENTS--GENERAL INFORMATION
fixed length control field 220923b |||||||| |||| 00| 0 hin d
037 ## - SOURCE OF ACQUISITION
Terms of availability Textual
040 ## - CATALOGING SOURCE
Original cataloging agency ARTS
Transcribing agency ARTS
Language of cataloging hin
041 ## - LANGUAGE CODE
Source of code hin
Language code of text/sound track or separate title hin
100 ## - MAIN ENTRY--PERSONAL NAME
Personal name Daivajna Jivanatha
9 (RLIN) 174335
245 #0 - TITLE STATEMENT
Title Vastu ratnavali
260 ## - PUBLICATION, DISTRIBUTION, ETC.
Place of publication, distribution, etc. Benares
Name of publisher, distributor, etc. Vidya vilas press
Date of publication, distribution, etc. 1942
300 ## - PHYSICAL DESCRIPTION
Extent 190
Dimensions cm.
650 ## - SUBJECT ADDED ENTRY--TOPICAL TERM
Topical term or geographic name entry element SPIRurdALISM
9 (RLIN) 174336
700 ## - ADDED ENTRY--PERSONAL NAME
Personal name Jha Achyutananda
9 (RLIN) 174337
942 ## - ADDED ENTRY ELEMENTS (KOHA)
Classification part /\2:8640N1, 152H2
Koha item type Textual
Source of classification or shelving scheme Colon Classification (CC)
Holdings
Withdrawn status Lost status Damaged status Not for loan Home library Current library Date acquired Total Checkouts Full call number Barcode Date last seen Price effective from Koha item type
        Arts Library Arts Library 2022-09-24   /\2:8640N1 152H2 CL0049844 2022-09-24 2022-09-24 Textual
Copyright @ Delhi University Library System